Statistics for African countries that have been to the FIFA World Cup

Click here to take the quiz!

General Stats

  • This quiz has been taken 3,728 times
  • The average score is 12 of 13

Answer Stats

Answer% Correct
Egypt
98%
South Africa
97%
Morocco
96%
Algeria
94%
Nigeria
93%
Ghana
92%
Senegal
92%
Cameroon
91%
Tunisia
91%
Côte d'Ivoire
88%
DR Congo
82%
Angola
73%
Togo
72%

Score Distribution

Percentile by Number Answered

Percent of People with Each Score

Your Score History

You have not taken this quiz